00437 2200181 4500001002100000005001500021035002000036245004400056100001000100250000600110856004500116260003600161082000800197084001400205990001200219990001200231990001200243INLIS00000000000173820250505111842 a0010-05250000301 aDari Ave Maria Kejalan Ke Roma /cIdrus0 aIdrus a1 aRuang Baca Umum No Klas 800 ( Rak 3,4,5) aJakarta :bBalai Pustaka,c2000 a813 a813 IDR d a00.0154 a00.0155 a00.0156